| 000 | 01294cam a2200337 i 4500 | ||
|---|---|---|---|
| 001 | 015758144 | ||
| 003 | EG-ScBUE | ||
| 005 | 20250113092533.0 | ||
| 008 | 110214t2016 flua f b 001 0 eng d | ||
| 020 | _a9781420076769 (hbk.) | ||
| 020 | _a1420076760 (hbk.) | ||
| 040 |
_aStDuBDS _beng _erda _cStDuBDS _dEG-ScBUE |
||
| 082 | 0 | 4 |
_a522.682 _222 _bCRA |
| 100 | 1 |
_aCraig, Wendy, _939049 _d1934- _eauthor. |
|
| 245 | 1 | 0 |
_aFundamentals of radio astronomy : _bobservational methods / _cJonathan M. Marr, Union College, Schenectady, New York, Ronald L. Snell, University of Massachusetts, Amherst, Massachusetts, Stanley E. Kurtz, National Autonomous University of Mexico, Morelia. |
| 264 | 1 |
_aBoca Raton : _bCRC Press / Taylor & Francis Group, _c[2016] |
|
| 264 | 4 | _cc2016 | |
| 300 |
_axv, 330 pages : _billustrations ; _c24 cm. |
||
| 336 |
_2rdacontent _atext _btxt |
||
| 337 |
_aunmediated _2rdamedia _bn |
||
| 338 |
_avolume _bnc _2rdacarrier |
||
| 490 | 0 | _aSeries in astronomy and astrophysics | |
| 504 | _aIncludes bibliographical references and index. | ||
| 650 | 7 |
_aRadio astronomy. _2BUEsh _939050 |
|
| 651 | _2BUEsh | ||
| 653 |
_bENGGEN _cJanuary2016 |
||
| 655 | _vReading book | ||
| 700 | 1 |
_aSnell, Ronald L., _eauthor. |
|
| 700 | 1 |
_aKurtz, Stanley E., _eauthor. |
|
| 942 |
_2ddc _cBB |
||
| 999 |
_c21121 _d21093 |
||